| 000 | 00358nam a2200145Ia 4500 | ||
|---|---|---|---|
| 008 | 150201s2002 xx 000 0 und d | ||
| 082 |
_a576 _bM2002P |
||
| 100 | _aPUROHIT | ||
| 245 | _aMICROBIOLOGY :FUNDAMENTALS AND APPLICATIONS | ||
| 250 | _a6TH | ||
| 260 |
_bAGROBIOS (INDIA) _aJODHPUR _c2002 |
||
| 300 | _a1- | ||
| 650 | _aMICROBIOLOGY | ||
| 942 |
_2ddc _cBK |
||
| 999 |
_c2641 _d2641 |
||